Producción de hidroxiapatita a nivel de planta piloto a partir de huesos de ganado vacuno
Saved in:
| Main Author: | |
|---|---|
| Other Authors: | |
| Format: | Book |
| Published: |
San José, Costa Rica
2007
|
| Subjects: | |
| Tags: |
Add Tag
No Tags, Be the first to tag this record!
|
MARC
| LEADER | 00000nam a2200000Ia 4500 | ||
|---|---|---|---|
| 003 | 001070 | ||
| 005 | 20231207105703.0 | ||
| 008 | 140114s2007 cr a 000 ||s d | ||
| 040 | |c cru CEDI | ||
| 090 | |a TFG 5596 | ||
| 100 | |a Calderón Castro, Jenny Andrea, 1982- |9 2008 | ||
| 245 | |a Producción de hidroxiapatita a nivel de planta piloto a partir de huesos de ganado vacuno | ||
| 260 | |b San José, Costa Rica |c 2007 | ||
| 300 | |a xix, 145 hojas ( 1 hojas plegables); ilustraciones a color | ||
| 500 | |a Proyecto de graduación (licenciatura en ingeniería química)--Universidad de Costa Rica. Facultad de Ingeniería. Escuela de Ingeniería Química | ||
| 501 | |a Director de Proyecto de Graduación: Ing. Adolfo Ulate Brenes, M.Sc. | ||
| 650 | |x HIDROXIAPATITA |x GANADO BOVINO |x INVESTIGACIONES |x HUESOS |x MATERIALES BIOMEDICOS |9 4479 | ||
| 700 | |a Ulate Brenes, Adolfo Mauricio,1977- |d Director del TFG |9 20 | ||
| 942 | |c TFG |h TFG 5596 |i 001070 |6 TFG_5596_001070000000000 | ||
| 999 | |c 16665 |d 16665 | ||
